Rutas de la muerte o autopistas inteligentes

Guardado en:
Formato: Libro
Publicado: Buenos Aires : Fundación Metas siglo Xxi, 2007
Materias:
Etiquetas: Agregar Etiqueta
Sin Etiquetas, Sea el primero en etiquetar este registro!
LEADER 00945nam a22002535a 4500
001 CEM.cems012969
005 20080929095140.0
008 130507s2007##################000#0#####d
003 CEMS
082 0 4 |a F388 
245 0 0 |a Rutas de la muerte o autopistas inteligentes 
260 |a Buenos Aires :  |b  Fundación Metas siglo Xxi,  |c 2007 
300 |a 70 p. 
500 |a Este ejemplar acompaña la edición del La Nación del 19/10/2007.año de la seguridad vial 
505 0 |a La siniestralidad vial -- Solución estructural: la red de autopistas [R.F.A] -- La restponsabilidad del Estado 
653 |a Educación vial 
653 |a Seguridad vial 
653 |a Autopistas 
653 |a Siniestradidad vial-estadísticas 
653 |a Seguridad vial-responsabilidad 
653 |a Seguridad vial-estado nacional 
653 |a Transporte de personas 
653 |a Transporte de electricidad 
859 |a CEMS  |b BIB. CEMS - 11 de abril  |h F388  |i 1  |p 2213.44  |t Ej.1